[Event "Stay Safe Play From Home 328"]
[Site "Mustafa Kemal Atatürk"]
[Date "2020.07.24"]
[Round "7"]
[White "BrainThinker22"]
[Black "Stefanone"]
[Result "1/2-1/2"]
[WhiteElo "2375"]
[BlackElo "2040"]
[Annotator "NA"]
[PlyCount "120"]
[EventDate "2020.07.24"]
[EventType "swiss (blitz)"]

1. e4 {[%emt 0:00:01]} d6 {[%emt 0:00:01]} 2. Nc3 {[%emt 0:00:01]} g6 {[%emt 0:00:00]} 3. g3 {[%emt 0:00:00]} Bg7 {[%emt 0:00:00]} 4. Bg2 {[%emt 0:00:00]} e5 {[%emt 0:00:01]} 5. d3 {[%emt 0:00:00]} Nc6 {[%emt 0:00:01]} 6. Be3 {[%emt 0:00:00]} Nd4 {[%emt 0:00:00]} 7. Qd2 {[%emt 0:00:01]} c5 {[%emt 0:00:01]} 8. Nd1 {[%emt 0:00:01]} Ne7 {[%emt 0:00:01]} 9. c3 {[%emt 0:00:00]} Ndc6 {[%emt 0:00:01]} 10. Bh6 {[%emt 0:00:00]} O-O {[%emt 0:00:01]} 11. h4 {[%emt 0:00:01]} f5 {[%emt 0:00:01]} 12. h5 {[%emt 0:00:01]} Bxh6 {[%emt 0:00:02]} 13. Qxh6 {[%emt 0:00:01]} Rf7 {[%emt 0:00:02]} 14. hxg6 {[%emt 0:00:03]} Nxg6 {[%emt 0:00:00]} 15. exf5 {[%emt 0:00:01]} Bxf5 {[%emt 0:00:01]} 16. Bd5 {[%emt 0:00:01]} Qe7 {[%emt 0:00:02]} 17. Qxh7+ {[%emt 0:00:01]} Kf8 {[%emt 0:00:03]} 18. Qxf7+ {[%emt 0:00:01]} Qxf7 {[%emt 0:00:00]} 19. Bxf7 {[%emt 0:00:00]} Kxf7 {[%emt 0:00:00]} 20. Ne3 {[%emt 0:00:04]} Bxd3 {[%emt 0:00:01]} 21. O-O-O {[%emt 0:00:01]} e4 {[%emt 0:00:02]} 22. Rh7+ {[%emt 0:00:06]} Kf6 {[%emt 0:00:01]} 23. Rxb7 {[%emt 0:00:00]} Rh8 {[%emt 0:00:01]} 24. Rd7 {[%emt 0:00:03]} Ke6 {[%emt 0:00:02]} 25. Rf7 {[%emt 0:00:02]} Kxf7 {[%emt 0:00:01]} 26. Nf5 {[%emt 0:00:02]} Rh1 {[%emt 0:00:02]} 27. Nxd6+ {[%emt 0:00:01]} Ke6 {[%emt 0:00:00]} 28. Nc8 {[%emt 0:00:03]} Nge5 {[%emt 0:00:02]} 29. Kd2 {[%emt 0:00:02]} c4 {[%emt 0:00:01]} 30. b3 {[%emt 0:00:04]} Na5 {[%emt 0:00:02]} 31. b4 {[%emt 0:00:01]} Nac6 {[%emt 0:00:01]} 32. a4 {[%emt 0:00:01]} Nf3+ {[%emt 0:00:01]} 33. Nxf3 {[%emt 0:00:02]} Rxd1+ {[%emt 0:00:00]} 34. Kxd1 {[%emt 0:00:00]} exf3 {[%emt 0:00:01]} 35. b5 {[%emt 0:00:00]} Na5 {[%emt 0:00:01]} 36. Nxa7 {[%emt 0:00:00]} Be2+ {[%emt 0:00:02]} 37. Kd2 {[%emt 0:00:01]} Kd6 {[%emt 0:00:02]} 38. b6 {[%emt 0:00:02]} Nc6 {[%emt 0:00:03]} 39. Nb5+ {[%emt 0:00:01]} Kd7 {[%emt 0:00:01]} 40. b7 {[%emt 0:00:01]} Nb8 {[%emt 0:00:03]} 41. a5 {[%emt 0:00:01]} Kc6 {[%emt 0:00:00]} 42. Nd4+ {[%emt 0:00:00]} Kxb7 {[%emt 0:00:01]} 43. Nxe2 {[%emt 0:00:00]} Ka6 {[%emt 0:00:00]} 44. Nd4 {[%emt 0:00:01]} Kxa5 {[%emt 0:00:01]} 45. Nxf3 {[%emt 0:00:00]} Kb5 {[%emt 0:00:00]} 46. Nd4+ {[%emt 0:00:00]} Kc5 {[%emt 0:00:02]} 47. f4 {[%emt 0:00:00]} Nd7 {[%emt 0:00:02]} 48. f5 {[%emt 0:00:01]} Nf6 {[%emt 0:00:00]} 49. Nf3 {[%emt 0:00:01]} Ne4+ {[%emt 0:00:00]} 50. Ke3 {[%emt 0:00:00]} Nxg3 {[%emt 0:00:00]} 51. Kf4 {[%emt 0:00:00]} Ne2+ {[%emt 0:00:01]} 52. Ke5 {[%emt 0:00:00]} Nxc3 {[%emt 0:00:00]} 53. Nd4 {[%emt 0:00:01]} Nb5 {[%emt 0:00:00]} 54. Ne6+ {[%emt 0:00:00]} Kb4 {[%emt 0:00:01]} 55. Nd4 {[%emt 0:00:00]} c3 {[%emt 0:00:00]} 56. Nxb5 {[%emt 0:00:00]} Kxb5 {[%emt 0:00:01]} 57. f6 {[%emt 0:00:00]} c2 {[%emt 0:00:00]} 58. f7 {[%emt 0:00:00]} c1=Q {[%emt 0:00:00]} 59. f8=Q {[%emt 0:00:00]} Qc5+ {[%emt 0:00:00]} 60. Qxc5+ {[%emt 0:00:01]} Kxc5 {[%emt 0:00:00] (Lag: Av=0.32s, max=0.9s)} 1/2-1/2

[Event "Stay Safe Play From Home 328"]
[Site "Mustafa Kemal Atatürk"]
[Date "2020.07.24"]
[Round "7"]
[White "Little champs"]
[Black "SelamiSahin"]
[Result "1-0"]
[WhiteElo "2333"]
[BlackElo "2109"]
[PlyCount "33"]
[EventDate "2020.07.24"]
[EventType "swiss (blitz)"]

1. d4 {[%emt 0:00:01]} Nf6 {[%emt 0:00:01]} 2. e3 {[%emt 0:00:00]} g6 {[%emt 0:00:00]} 3. Nf3 {[%emt 0:00:00]} Bg7 {[%emt 0:00:00]} 4. Be2 {[%emt 0:00:00]} O-O {[%emt 0:00:00]} 5. O-O {[%emt 0:00:00]} c5 {[%emt 0:00:00]} 6. c4 {[%emt 0:00:00]} cxd4 {[%emt 0:00:01]} 7. exd4 {[%emt 0:00:01]} d5 {[%emt 0:00:00]} 8. Nc3 {[%emt 0:00:01]} Nc6 {[%emt 0:00:01]} 9. c5 {[%emt 0:00:01]} Re8 {[%emt 0:00:01]} 10. Qb3 {[%emt 0:00:04]} e5 {[%emt 0:00:03]} 11. dxe5 {[%emt 0:00:01]} Nxe5 {[%emt 0:00:00]} 12. Bf4 {[%emt 0:00:01]} Be6 {[%emt 0:00:08]} 13. Nxe5 {[%emt 0:00:05]} d4 {[%emt 0:00:01]} 14. Qxb7 {[%emt 0:00:01]} dxc3 {[%emt 0:00:01]} 15. bxc3 {[%emt 0:00:02]} Qa5 {[%emt 0:00:01]} 16. Nc6 {[%emt 0:00:01]} Nd5 {[%emt 0:00:02]} 17. Nxa5 {[%emt 0:00:01] SelamiSahin terk eder (Lag: Av=0.71s, max=1.1s)} 1-0

[Event "Stay Safe Play From Home 328"]
[Site "Mustafa Kemal Atatürk"]
[Date "2020.07.24"]
[Round "7"]
[White "Lamborghini"]
[Black "SoulofWolf"]
[Result "1-0"]
[WhiteElo "2181"]
[BlackElo "2163"]
[PlyCount "59"]
[EventDate "2020.07.24"]
[EventType "swiss (blitz)"]

1. e4 {[%emt 0:00:02]} e6 {[%emt 0:00:00]} 2. d4 {[%emt 0:00:01]} d5 {[%emt 0:00:00]} 3. Nc3 {[%emt 0:00:00]} Bb4 {[%emt 0:00:01]} 4. exd5 {[%emt 0:00:01]} exd5 {[%emt 0:00:01]} 5. Bd3 {[%emt 0:00:00]} Ne7 {[%emt 0:00:00]} 6. Qh5 {[%emt 0:00:01]} g6 {[%emt 0:00:02]} 7. Qh6 {[%emt 0:00:01]} c6 {[%emt 0:00:05]} 8. Nge2 {[%emt 0:00:01]} Nd7 {[%emt 0:00:01]} 9. a3 {[%emt 0:00:01]} Bd6 {[%emt 0:00:01]} 10. Bg5 {[%emt 0:00:01]} Qc7 {[%emt 0:00:02]} 11. O-O-O {[%emt 0:00:02]} f6 {[%emt 0:00:04]} 12. Bd2 {[%emt 0:00:02]} Nf8 {[%emt 0:00:05]} 13. Ng3 {[%emt 0:00:02]} Bd7 {[%emt 0:00:00]} 14. Qg7 {[%emt 0:00:03]} Rg8 {[%emt 0:00:01]} 15. Qh6 {[%emt 0:00:02]} O-O-O {[%emt 0:00:02]} 16. Rhe1 {[%emt 0:00:01]} Nf5 {[%emt 0:00:05]} 17. Nxf5 {[%emt 0:00:03]} gxf5 {[%emt 0:00:00]} 18. g3 {[%emt 0:00:01]} Rg6 {[%emt 0:00:04]} 19. Qh5 {[%emt 0:00:01]} c5 {[%emt 0:00:03]} 20. dxc5 {[%emt 0:00:01]} Bxc5 {[%emt 0:00:01]} 21. Bxf5 {[%emt 0:00:01]} Bxf5 {[%emt 0:00:01]} 22. Qxf5+ {[%emt 0:00:01]} Kb8 {[%emt 0:00:00]} 23. Bf4 {[%emt 0:00:02]} Bd6 {[%emt 0:00:01]} 24. Nb5 {[%emt 0:00:01]} Qc6 {[%emt 0:00:01]} 25. Nxd6 {[%emt 0:00:01]} Rxd6 {[%emt 0:00:00]} 26. Qxd5 {[%emt 0:00:01]} f5 {[%emt 0:00:02]} 27. Qxc6 {[%emt 0:00:03]} bxc6 {[%emt 0:00:01]} 28. Re8+ {[%emt 0:00:00]} Kb7 {[%emt 0:00:01]} 29. Rxd6 {[%emt 0:00:01]} Rg8 {[%emt 0:00:02]} 30. Rdd8 {[%emt 0:00:01] SoulofWolf poddaje siê (Lag: Av=0.27s, max=0.4s)} 1-0

[Event "Stay Safe Play From Home 328"]
[Site "Mustafa Kemal Atatürk"]
[Date "2020.07.24"]
[Round "7"]
[White "Lazieri3"]
[Black "Capaeuwekhine"]
[Result "0-1"]
[WhiteElo "2095"]
[BlackElo "1671"]
[Annotator "NA"]
[PlyCount "62"]
[EventDate "2020.07.24"]
[EventType "swiss (blitz)"]

1. e4 {[%emt 0:00:01]} e6 {[%emt 0:00:00]} 2. Nc3 {[%emt 0:00:00]} d5 {[%emt 0:00:01]} 3. d4 {[%emt 0:00:00]} dxe4 {[%emt 0:00:02]} 4. Nxe4 {[%emt 0:00:01]} Bd7 {[%emt 0:00:00]} 5. Nf3 {[%emt 0:00:01]} Bc6 {[%emt 0:00:01]} 6. Bd3 {[%emt 0:00:03]} Nd7 {[%emt 0:00:01]} 7. c3 {[%emt 0:00:01]} Ngf6 {[%emt 0:00:00]} 8. Nxf6+ {[%emt 0:00:01]} Nxf6 {[%emt 0:00:01]} 9. O-O {[%emt 0:00:00]} Be7 {[%emt 0:00:00]} 10. Bg5 {[%emt 0:00:01]} O-O {[%emt 0:00:01]} 11. h3 {[%emt 0:00:01]} h6 {[%emt 0:00:01]} 12. Bxf6 {[%emt 0:00:01]} Bxf6 {[%emt 0:00:02]} 13. Qe2 {[%emt 0:00:00]} Bxf3 {[%emt 0:00:02]} 14. Qxf3 {[%emt 0:00:01]} c6 {[%emt 0:00:00]} 15. Rfd1 {[%emt 0:00:01]} Qd5 {[%emt 0:00:01]} 16. Be4 {[%emt 0:00:01]} Qd6 {[%emt 0:00:01]} 17. Bc2 {[%emt 0:00:03]} Rfd8 {[%emt 0:00:01]} 18. Qd3 {[%emt 0:00:03]} g6 {[%emt 0:00:01]} 19. Qe3 {[%emt 0:00:01]} c5 {[%emt 0:00:01]} 20. Qxh6 {[%emt 0:00:02]} Bg7 {[%emt 0:00:02]} 21. Qg5 {[%emt 0:00:01]} cxd4 {[%emt 0:00:01]} 22. cxd4 {[%emt 0:00:03]} Qc7 {[%emt 0:00:02]} 23. Bb3 {[%emt 0:00:01]} Rxd4 {[%emt 0:00:02]} 24. Rxd4 {[%emt 0:00:01]} Bxd4 {[%emt 0:00:01]} 25. Rc1 {[%emt 0:00:03]} Qb6 {[%emt 0:00:01]} 26. Qf4 {[%emt 0:00:01]} Rd8 {[%emt 0:00:03]} 27. Rc7 {[%emt 0:00:05]} Bxf2+ {[%emt 0:00:05]} 28. Kh2 {[%emt 0:00:01]} Rf8 {[%emt 0:00:08]} 29. Qg4 {[%emt 0:00:08]} Qxc7+ {[%emt 0:00:04]} 30. Kh1 {[%emt 0:00:01]} Qc1+ {[%emt 0:00:01]} 31. Kh2 {[%emt 0:00:01]} Qg1# {[%emt 0:00:01] (Lag: Av=0.87s, max=1.6s)} 0-1

[Event "Stay Safe Play From Home 328"]
[Site "Mustafa Kemal Atatürk"]
[Date "2020.07.24"]
[Round "7"]
[White "NeatFox"]
[Black "Greblha"]
[Result "0-1"]
[WhiteElo "1858"]
[BlackElo "1899"]
[Annotator "NA"]
[PlyCount "132"]
[EventDate "2020.07.24"]
[EventType "swiss (blitz)"]

1. g4 {[%emt 0:00:01]} c6 {[%emt 0:00:00]} 2. Bg2 {[%emt 0:00:00]} d5 {[%emt 0:00:01]} 3. c4 {[%emt 0:00:00]} Nf6 {[%emt 0:00:01]} 4. cxd5 {[%emt 0:00:01]} cxd5 {[%emt 0:00:01]} 5. Qb3 {[%emt 0:00:00]} Nc6 {[%emt 0:00:01]} 6. g5 {[%emt 0:00:01]} Ne4 {[%emt 0:00:02]} 7. h4 {[%emt 0:00:01]} Nc5 {[%emt 0:00:01]} 8. Qg3 {[%emt 0:00:02]} e6 {[%emt 0:00:01]} 9. h5 {[%emt 0:00:01]} Bd6 {[%emt 0:00:01]} 10. Qg4 {[%emt 0:00:01]} e5 {[%emt 0:00:01]} 11. Qh4 {[%emt 0:00:01]} Be6 {[%emt 0:00:01]} 12. Nc3 {[%emt 0:00:02]} Nd4 {[%emt 0:00:01]} 13. Kf1 {[%emt 0:00:02]} Nf5 {[%emt 0:00:01]} 14. Qb4 {[%emt 0:00:08]} O-O {[%emt 0:00:01]} 15. Nb5 {[%emt 0:00:02]} a5 {[%emt 0:00:01]} 16. Qa3 {[%emt 0:00:02]} Ne4 {[%emt 0:00:04]} 17. Nxd6 {[%emt 0:00:01]} Qxd6 {[%emt 0:00:01]} 18. Qxd6 {[%emt 0:00:01]} Nexd6 {[%emt 0:00:01]} 19. Nf3 {[%emt 0:00:01]} e4 {[%emt 0:00:01]} 20. Nh4 {[%emt 0:00:02]} Nxh4 {[%emt 0:00:01]} 21. Rxh4 {[%emt 0:00:00]} f6 {[%emt 0:00:00]} 22. g6 {[%emt 0:00:01]} h6 {[%emt 0:00:01]} 23. d3 {[%emt 0:00:00]} exd3 {[%emt 0:00:01]} 24. exd3 {[%emt 0:00:00]} Nf5 {[%emt 0:00:00]} 25. Rf4 {[%emt 0:00:01]} Rfc8 {[%emt 0:00:02]} 26. Be3 {[%emt 0:00:01]} Ne7 {[%emt 0:00:02]} 27. Rd4 {[%emt 0:00:02]} Nc6 {[%emt 0:00:02]} 28. Ra4 {[%emt 0:00:01]} d4 {[%emt 0:00:01]} 29. Bxd4 {[%emt 0:00:02]} Rd8 {[%emt 0:00:01]} 30. Bb6 {[%emt 0:00:02]} Rxd3 {[%emt 0:00:01]} 31. Bxc6 {[%emt 0:00:00]} bxc6 {[%emt 0:00:02]} 32. Re1 {[%emt 0:00:02]} Bd5 {[%emt 0:00:01]} 33. Rf4 {[%emt 0:00:01]} Rh3 {[%emt 0:00:01]} 34. Ke2 {[%emt 0:00:01]} Re8+ {[%emt 0:00:01]} 35. Kd2 {[%emt 0:00:01]} Rxe1 {[%emt 0:00:00]} 36. Kxe1 {[%emt 0:00:00]} Rxh5 {[%emt 0:00:01]} 37. b4 {[%emt 0:00:01]} Re5+ {[%emt 0:00:00]} 38. Kd2 {[%emt 0:00:01]} Be4 {[%emt 0:00:01]} 39. f3 {[%emt 0:00:01]} Bxf3 {[%emt 0:00:02]} 40. Rxf3 {[%emt 0:00:01]} axb4 {[%emt 0:00:00]} 41. Rb3 {[%emt 0:00:01]} Rd5+ {[%emt 0:00:00]} 42. Kc2 {[%emt 0:00:01]} Kf8 {[%emt 0:00:01]} 43. Rxb4 {[%emt 0:00:00]} Ke7 {[%emt 0:00:00]} 44. Re4+ {[%emt 0:00:00]} Kd6 {[%emt 0:00:01]} 45. Bc7+ {[%emt 0:00:00]} Kxc7 {[%emt 0:00:01]} 46. Rc4 {[%emt 0:00:00]} Kb6 {[%emt 0:00:00]} 47. a4 {[%emt 0:00:00]} Rc5 {[%emt 0:00:00]} 48. Rxc5 {[%emt 0:00:01]} Kxc5 {[%emt 0:00:01]} 49. Kb3 {[%emt 0:00:00]} Kb6 {[%emt 0:00:01]} 50. Kb4 {[%emt 0:00:00]} f5 {[%emt 0:00:01]} 51. a5+ {[%emt 0:00:00]} Ka6 {[%emt 0:00:01]} 52. Kc5 {[%emt 0:00:00]} Kxa5 {[%emt 0:00:01]} 53. Kd4 {[%emt 0:00:00]} f4 {[%emt 0:00:00]} 54. Ke4 {[%emt 0:00:00]} c5 {[%emt 0:00:00]} 55. Kxf4 {[%emt 0:00:00]} Kb4 {[%emt 0:00:00]} 56. Ke3 {[%emt 0:00:00]} c4 {[%emt 0:00:00]} 57. Kd2 {[%emt 0:00:00]} Kb3 {[%emt 0:00:00]} 58. Kd1 {[%emt 0:00:01]} c3 {[%emt 0:00:00]} 59. Kc1 {[%emt 0:00:00]} c2 {[%emt 0:00:01]} 60. Kd2 {[%emt 0:00:01]} h5 {[%emt 0:00:01]} 61. Kc1 {[%emt 0:00:01]} h4 {[%emt 0:00:00]} 62. Kd2 {[%emt 0:00:00]} h3 {[%emt 0:00:00]} 63. Kc1 {[%emt 0:00:00]} h2 {[%emt 0:00:00]} 64. Kd2 {[%emt 0:00:00]} h1=Q {[%emt 0:00:00]} 65. Ke3 {[%emt 0:00:00]} c1=Q+ {[%emt 0:00:00]} 66. Kd4 {[%emt 0:00:00]} Qg5 {[%emt 0:00:00] Zeit (Lag: Av=0.42s, max=0.8s)} 0-1

[Event "Stay Safe Play From Home 328"]
[Site "Mustafa Kemal Atatürk"]
[Date "2020.07.24"]
[Round "7"]
[White "Meini"]
[Black "James Harcourt"]
[Result "1-0"]
[WhiteElo "1499"]
[BlackElo "1280"]
[Annotator "NA"]
[PlyCount "59"]
[EventDate "2020.07.24"]
[EventType "swiss (blitz)"]

1. d4 {[%emt 0:00:02]} e5 {[%emt 0:00:01]} 2. dxe5 {[%emt 0:00:02]} f6 {[%emt 0:00:01]} 3. Nf3 {[%emt 0:00:00]} f5 {[%emt 0:00:01]} 4. b3 {[%emt 0:00:03]} g6 {[%emt 0:00:01]} 5. Bb2 {[%emt 0:00:00]} Be7 {[%emt 0:00:01]} 6. e3 {[%emt 0:00:01]} d6 {[%emt 0:00:01]} 7. Be2 {[%emt 0:00:01]} d5 {[%emt 0:00:01]} 8. O-O {[%emt 0:00:01]} c6 {[%emt 0:00:01]} 9. Nbd2 {[%emt 0:00:01]} Be6 {[%emt 0:00:00]} 10. c4 {[%emt 0:00:01]} Nd7 {[%emt 0:00:01]} 11. cxd5 {[%emt 0:00:01]} cxd5 {[%emt 0:00:04]} 12. Nd4 {[%emt 0:00:00]} Bg5 {[%emt 0:00:05]} 13. Nxe6 {[%emt 0:00:03]} Qe7 {[%emt 0:00:05]} 14. Nxg5 {[%emt 0:00:02]} Qxg5 {[%emt 0:00:01]} 15. f4 {[%emt 0:00:01]} Qd8 {[%emt 0:00:01]} 16. Nf3 {[%emt 0:00:01]} Rc8 {[%emt 0:00:01]} 17. Qxd5 {[%emt 0:00:02]} Ne7 {[%emt 0:00:02]} 18. Qe6 {[%emt 0:00:02]} Nc5 {[%emt 0:00:03]} 19. Qc4 {[%emt 0:00:05]} a6 {[%emt 0:00:04]} 20. Rad1 {[%emt 0:00:03]} Qc7 {[%emt 0:00:03]} 21. e6 {[%emt 0:00:02]} Qa5 {[%emt 0:00:02]} 22. Bxh8 {[%emt 0:00:03]} b5 {[%emt 0:00:01]} 23. Qc1 {[%emt 0:00:03]} Qxa2 {[%emt 0:00:02]} 24. Qb1 {[%emt 0:00:02]} Qa3 {[%emt 0:00:04]} 25. Bf6 {[%emt 0:00:02]} Nxb3 {[%emt 0:00:01]} 26. Rd7 {[%emt 0:00:02]} Rd8 {[%emt 0:00:06]} 27. Rxe7+ {[%emt 0:00:01]} Qxe7 {[%emt 0:00:02]} 28. Bxe7 {[%emt 0:00:02]} Kxe7 {[%emt 0:00:00]} 29. Qxb3 {[%emt 0:00:00]} Kf6 {[%emt 0:00:02]} 30. Rd1 {[%emt 0:00:00] TimeB} 1-0

[Event "Stay Safe Play From Home 328"]
[Site "Mustafa Kemal Atatürk"]
[Date "2020.07.24"]
[Round "7"]
[White "Klasman"]
[Black "Edmatuag"]
[Result "1-0"]
[WhiteElo "1327"]
[BlackElo "1642"]
[Annotator "NA"]
[PlyCount "65"]
[EventDate "2020.07.24"]
[EventType "swiss (blitz)"]

1. f4 {[%emt 0:00:02]} c6 {[%emt 0:00:00]} 2. c4 {[%emt 0:00:02]} d6 {[%emt 0:00:00]} 3. e4 {[%emt 0:00:01]} Nd7 {[%emt 0:00:01]} 4. d4 {[%emt 0:00:01]} e5 {[%emt 0:00:01]} 5. d5 {[%emt 0:00:02]} g6 {[%emt 0:00:05]} 6. Nf3 {[%emt 0:00:01]} c5 {[%emt 0:00:02]} 7. Bd3 {[%emt 0:00:01]} Bg7 {[%emt 0:00:01]} 8. O-O {[%emt 0:00:01]} Ne7 {[%emt 0:00:00]} 9. Nc3 {[%emt 0:00:02]} O-O {[%emt 0:00:00]} 10. Be3 {[%emt 0:00:01]} a6 {[%emt 0:00:03]} 11. g4 {[%emt 0:00:01]} f6 {[%emt 0:00:03]} 12. f5 {[%emt 0:00:01]} g5 {[%emt 0:00:02]} 13. h4 {[%emt 0:00:02]} h6 {[%emt 0:00:02]} 14. Qe2 {[%emt 0:00:02]} Kf7 {[%emt 0:00:01]} 15. Qh2 {[%emt 0:00:01]} Rh8 {[%emt 0:00:01]} 16. Rf2 {[%emt 0:00:03]} Qg8 {[%emt 0:00:01]} 17. a3 {[%emt 0:00:01]} Nb6 {[%emt 0:00:01]} 18. Raf1 {[%emt 0:00:03]} Bd7 {[%emt 0:00:01]} 19. b4 {[%emt 0:00:03]} Rc8 {[%emt 0:00:07]} 20. bxc5 {[%emt 0:00:02]} dxc5 {[%emt 0:00:01]} 21. Rb1 {[%emt 0:00:03]} Na8 {[%emt 0:00:06]} 22. Rxb7 {[%emt 0:00:01]} Ke8 {[%emt 0:00:02]} 23. Rfb2 {[%emt 0:00:03]} Kd8 {[%emt 0:00:04]} 24. Rb8 {[%emt 0:00:01]} Rxb8 {[%emt 0:00:01]} 25. Rxb8+ {[%emt 0:00:02]} Bc8 {[%emt 0:00:01]} 26. Rxa8 {[%emt 0:00:05]} Kc7 {[%emt 0:00:01]} 27. Qb2 {[%emt 0:00:01]} Bd7 {[%emt 0:00:04]} 28. Bxc5 {[%emt 0:00:02]} Qxa8 {[%emt 0:00:01]} 29. Qb6+ {[%emt 0:00:01]} Kc8 {[%emt 0:00:02]} 30. Bxe7 {[%emt 0:00:02]} Qb7 {[%emt 0:00:02]} 31. Qxb7+ {[%emt 0:00:01]} Kxb7 {[%emt 0:00:00]} 32. d6 {[%emt 0:00:01]} Rc8 {[%emt 0:00:04]} 33. Nd5 {[%emt 0:00:01] Time (Lag: Av=0.51s, max=0.6s)} 1-0

[Event "Stay Safe Play From Home 328"]
[Site "Mustafa Kemal Atatürk"]
[Date "2020.07.24"]
[Round "7"]
[White "W Nelles"]
[Black "Padmaesh M K"]
[Result "0-1"]
[WhiteElo "1157"]
[BlackElo "1736"]
[Annotator "NA"]
[PlyCount "74"]
[EventDate "2020.07.24"]
[EventType "swiss (blitz)"]

1. e4 {[%emt 0:00:01]} Nc6 {[%emt 0:00:01]} 2. Bc4 {[%emt 0:00:01]} e5 {[%emt 0:00:00]} 3. Nc3 {[%emt 0:00:01]} Bc5 {[%emt 0:00:00]} 4. Nge2 {[%emt 0:00:01]} d6 {[%emt 0:00:00]} 5. O-O {[%emt 0:00:01]} Be6 {[%emt 0:00:00]} 6. d3 {[%emt 0:00:02]} Bxc4 {[%emt 0:00:01]} 7. dxc4 {[%emt 0:00:01]} Nf6 {[%emt 0:00:00]} 8. Nd5 {[%emt 0:00:01]} Nxd5 {[%emt 0:00:02]} 9. cxd5 {[%emt 0:00:03]} Ne7 {[%emt 0:00:02]} 10. c4 {[%emt 0:00:02]} Ng6 {[%emt 0:00:01]} 11. b4 {[%emt 0:00:02]} Bxb4 {[%emt 0:00:01]} 12. Rb1 {[%emt 0:00:01]} Bc5 {[%emt 0:00:01]} 13. Be3 {[%emt 0:00:02]} Bxe3 {[%emt 0:00:01]} 14. fxe3 {[%emt 0:00:01]} b6 {[%emt 0:00:00]} 15. Ng3 {[%emt 0:00:01]} Qg5 {[%emt 0:00:01]} 16. Qf3 {[%emt 0:00:02]} O-O {[%emt 0:00:03]} 17. Nf5 {[%emt 0:00:02]} Nh4 {[%emt 0:00:04]} 18. Nxh4 {[%emt 0:00:02]} Qxh4 {[%emt 0:00:00]} 19. Qg3 {[%emt 0:00:01]} Qxg3 {[%emt 0:00:01]} 20. hxg3 {[%emt 0:00:01]} g6 {[%emt 0:00:00]} 21. Rf6 {[%emt 0:00:01]} Kg7 {[%emt 0:00:01]} 22. Rbf1 {[%emt 0:00:02]} a5 {[%emt 0:00:01]} 23. a4 {[%emt 0:00:02]} Rac8 {[%emt 0:00:02]} 24. g4 {[%emt 0:00:01]} g5 {[%emt 0:00:02]} 25. R1f5 {[%emt 0:00:04]} h6 {[%emt 0:00:01]} 26. Kf2 {[%emt 0:00:02]} Rce8 {[%emt 0:00:05]} 27. Rf3 {[%emt 0:00:02]} Re7 {[%emt 0:00:01]} 28. Kg3 {[%emt 0:00:03]} Rh8 {[%emt 0:00:03]} 29. Kh2 {[%emt 0:00:02]} h5 {[%emt 0:00:01]} 30. R6f5 {[%emt 0:00:03]} hxg4+ {[%emt 0:00:01]} 31. Rh3 {[%emt 0:00:02]} gxh3 {[%emt 0:00:01]} 32. gxh3 {[%emt 0:00:01]} Kg6 {[%emt 0:00:02]} 33. Rf3 {[%emt 0:00:02]} g4 {[%emt 0:00:01]} 34. Rg3 {[%emt 0:00:01]} Rxh3+ {[%emt 0:00:00]} 35. Rxh3 {[%emt 0:00:01]} gxh3 {[%emt 0:00:00]} 36. Kxh3 {[%emt 0:00:01]} Re8 {[%emt 0:00:00]} 37. Kg4 {[%emt 0:00:01]} Rh8 {[%emt 0:00:00] Zeit (Lag: Av=0.53s, max=0.7s)} 0-1

[Event "Stay Safe Play From Home 328"]
[Site "Mustafa Kemal Atatürk"]
[Date "2020.07.24"]
[Round "8"]
[White "Mepe_Nika"]
[Black "Lamborghini"]
[Result "1-0"]
[WhiteElo "2413"]
[BlackElo "2198"]
[PlyCount "105"]
[EventDate "2020.07.24"]
[EventType "swiss (blitz)"]

1. d4 {[%emt 0:00:00]} Nf6 {[%emt 0:00:02]} 2. Bf4 {[%emt 0:00:01]} c5 {[%emt 0:00:01]} 3. e3 {[%emt 0:00:00]} b6 {[%emt 0:00:01]} 4. Qf3 {[%emt 0:00:02]} Nc6 {[%emt 0:00:01]} 5. d5 {[%emt 0:00:01]} Nb8 {[%emt 0:00:05]} 6. c4 {[%emt 0:00:03]} Bb7 {[%emt 0:00:02]} 7. Nc3 {[%emt 0:00:01]} d6 {[%emt 0:00:01]} 8. Bd3 {[%emt 0:00:01]} e5 {[%emt 0:00:01]} 9. Bg5 {[%emt 0:00:02]} Be7 {[%emt 0:00:01]} 10. Nge2 {[%emt 0:00:03]} Nbd7 {[%emt 0:00:04]} 11. Qh3 {[%emt 0:00:02]} Nf8 {[%emt 0:00:03]} 12. Bxf6 {[%emt 0:00:03]} Bxf6 {[%emt 0:00:01]} 13. O-O {[%emt 0:00:01]} g6 {[%emt 0:00:01]} 14. f4 {[%emt 0:00:03]} Qe7 {[%emt 0:00:04]} 15. Ne4 {[%emt 0:00:02]} Bg7 {[%emt 0:00:01]} 16. f5 {[%emt 0:00:01]} Bc8 {[%emt 0:00:01]} 17. N2g3 {[%emt 0:00:02]} f6 {[%emt 0:00:03]} 18. Qg4 {[%emt 0:00:03]} h5 {[%emt 0:00:02]} 19. Qd1 {[%emt 0:00:09]} h4 {[%emt 0:00:00]} 20. Ne2 {[%emt 0:00:01]} g5 {[%emt 0:00:00]} 21. N4c3 {[%emt 0:00:03]} Bd7 {[%emt 0:00:02]} 22. Bc2 {[%emt 0:00:01]} Kf7 {[%emt 0:00:01]} 23. Ba4 {[%emt 0:00:00]} Nh7 {[%emt 0:00:02]} 24. Ne4 {[%emt 0:00:01]} g4 {[%emt 0:00:02]} 25. Bxd7 {[%emt 0:00:01]} Qxd7 {[%emt 0:00:01]} 26. N2c3 {[%emt 0:00:00]} a6 {[%emt 0:00:01]} 27. Qxg4 {[%emt 0:00:01]} Nf8 {[%emt 0:00:01]} 28. Qf3 {[%emt 0:00:01]} Bh6 {[%emt 0:00:01]} 29. Kh1 {[%emt 0:00:01]} Ke7 {[%emt 0:00:02]} 30. Rg1 {[%emt 0:00:01]} Qe8 {[%emt 0:00:01]} 31. g4 {[%emt 0:00:00]} hxg3 {[%emt 0:00:01]} 32. Rxg3 {[%emt 0:00:00]} Qf7 {[%emt 0:00:00]} 33. Rag1 {[%emt 0:00:00]} Rd8 {[%emt 0:00:02]} 34. a3 {[%emt 0:00:00]} Nd7 {[%emt 0:00:01]} 35. b4 {[%emt 0:00:01]} b5 {[%emt 0:00:00]} 36. cxb5 {[%emt 0:00:01]} cxb4 {[%emt 0:00:01]} 37. axb4 {[%emt 0:00:01]} axb5 {[%emt 0:00:00]} 38. Nxb5 {[%emt 0:00:00]} Nb6 {[%emt 0:00:00]} 39. Nexd6 {[%emt 0:00:00]} Rxd6 {[%emt 0:00:01]} 40. Nxd6 {[%emt 0:00:00]} Kxd6 {[%emt 0:00:00]} 41. e4 {[%emt 0:00:00]} Nxd5 {[%emt 0:00:00]} 42. Qd3 {[%emt 0:00:01]} Kc6 {[%emt 0:00:01]} 43. Qxd5+ {[%emt 0:00:00]} Qxd5 {[%emt 0:00:00]} 44. exd5+ {[%emt 0:00:00]} Kxd5 {[%emt 0:00:00]} 45. Rg6 {[%emt 0:00:00]} Ke4 {[%emt 0:00:00]} 46. Rxf6 {[%emt 0:00:01]} Be3 {[%emt 0:00:00]} 47. Rf7 {[%emt 0:00:00]} Bd4 {[%emt 0:00:01]} 48. Re1+ {[%emt 0:00:01]} Kd3 {[%emt 0:00:00]} 49. Rf1 {[%emt 0:00:00]} e4 {[%emt 0:00:00]} 50. f6 {[%emt 0:00:00]} e3 {[%emt 0:00:00]} 51. Re7 {[%emt 0:00:00]} e2 {[%emt 0:00:00]} 52. Rxe2 {[%emt 0:00:00]} Kxe2 {[%emt 0:00:01]} 53. Rf5 {[%emt 0:00:00] Zeit (Lag: Av=0.47s, max=1.4s)} 1-0